| 000 -LEADER |
| fixed length control field |
00502nam a22001817a 4500 |
| 008 - FIXED-LENGTH DATA ELEMENTS--GENERAL INFORMATION |
| fixed length control field |
210101b 2010 ||||| |||| 00| 0 eng d |
| 082 ## - DEWEY DECIMAL CLASSIFICATION NUMBER |
| Classification number |
343.096 |
| Item number |
NAI |
| 100 ## - MAIN ENTRY--PERSONAL NAME |
| Personal name |
Naik, M. V. |
| 245 ## - TITLE STATEMENT |
| Title |
Maritime legislation & shipboard management for deck officers |
| 250 ## - EDITION STATEMENT |
| Edition statement |
7th |
| 260 ## - PUBLICATION, DISTRIBUTION, ETC. (IMPRINT) |
| Place of publication, distribution, etc |
Mumbai |
| Name of publisher, distributor, etc |
Marine Aid Publication |
| Date of publication, distribution, etc |
2010 |
| 300 ## - PHYSICAL DESCRIPTION |
| Extent |
556p. |
| 650 ## - SUBJECT ADDED ENTRY--TOPICAL TERM |
| Topical term or geographic name as entry element |
Liner Bill of Lading |
| 650 ## - SUBJECT ADDED ENTRY--TOPICAL TERM |
| Topical term or geographic name as entry element |
Lay time definitions |
| 650 ## - SUBJECT ADDED ENTRY--TOPICAL TERM |
| Topical term or geographic name as entry element |
Insurance |
| 700 ## - ADDED ENTRY--PERSONAL NAME |
| Personal name |
Dubey, C. L. |
| Relator term |
Co-author |
| 942 ## - ADDED ENTRY ELEMENTS (KOHA) |
| Item type |
Books |